[Event "Bogota McGregor op 2nd"]
[Site "Bogota"]
[Date "2011.12.08"]
[Round "5"]
[White "Parra, Diego Alexander"]
[Black "Fernandez Rodriguez, Angel Luis"]
[Result "1-0"]
[WhiteElo "1851"]
[BlackElo "2117"]
[PlyCount "71"]
[EventDate "2011.12.06"]
[EventType "swiss"]
[EventRounds "10"]
[EventCountry "COL"]
[SourceTitle "CBM 145 Extra"]
[Source "ChessBase"]
[SourceDate "2012.01.03"]
[SourceVersion "1"]
[SourceVersionDate "2012.01.03"]
[SourceQuality "1"]

1. d4 c5 2. Nf3 d5 3. c3 e6 4. Qc2 Nc6 5. Bg5 Qb6 6. e3 h6 7. Bf4 Nf6 8. Nbd2 Bd7 9. a4 cxd4 10. exd4 Rc8 11. Qc1 Ne4 12. Bd3 Nb4 13. Bb1 g5 14. Be5 f6 15. Nxe4 dxe4 16. Bxf6 Be7 17. Bxh8 exf3 18. gxf3 Kf7 19. Be5 Nc6 20. f4 Nxd4 21. Bxd4 Qxd4 22. Bg6+ Kg7 23. cxd4 Rxc1+ 24. Rxc1 Bb4+ 25. Ke2 Kxg6 26. fxg5 hxg5 27. b3 Bc6 28. Rxc6 bxc6 29. Rc1 Kf5 30. Rxc6 a5 31. h3 Ke4 32. Rxe6+ Kxd4 33. Re3 Ba3 34. Rd3+ Kc5 35. Kf3 Kb4 36. Kg4 1-0

[Event "Capablanca Memorial op-B 45th"]
[Site "Havana"]
[Date "2011.05.17"]
[Round "6"]
[White "Campos Jimenez, Augusto Cesar"]
[Black "Fernandez Rodriguez, Angel Luis"]
[Result "0-1"]
[WhiteElo "1996"]
[BlackElo "2116"]
[PlyCount "55"]
[EventDate "2011.05.11"]
[EventType "swiss"]
[EventRounds "7"]
[EventCountry "CUB"]
[SourceTitle "CBM 142 Extra"]
[Source "ChessBase"]
[SourceDate "2011.06.27"]
[SourceVersion "1"]
[SourceVersionDate "2011.06.27"]
[SourceQuality "1"]

1. e4 c5 2. Nf3 a6 3. c3 d5 4. exd5 Qxd5 5. d4 Nf6 6. Be2 e6 7. 0-0 cxd4 8. cxd4 Be7 9. Nc3 Qd6 10. Be3 0-0 11. Qb3 Nc6 12. Rfd1 Nb4 13. Bg5 Nbd5 14. Ne5 b5 15. Bf3 Bb7 16. Bh4 Rfd8 17. Bg3 Qb4 18. Qxb4 Bxb4 19. Nxd5 Nxd5 20. Nd3 Be7 21. Nc5 Bc6 22. Rac1 Rdc8 23. a3 Bg5 24. Rc2 b4 25. axb4 Ba4 26. Bxd5 exd5 27. Rcc1 Bxc1 28. Rxc1 0-1

[Event "CUB-ch U18"]
[Site "Matanzas"]
[Date "1998.??.??"]
[Round "7"]
[White "Dominguez Perez, Leinier"]
[Black "Fernandez Rodriguez, Angel Luis"]
[Result "0-1"]
[WhiteElo "2215"]
[BlackElo "2140"]
[PlyCount "70"]
[EventDate "1998.??.??"]
[EventType "tourn"]
[EventRounds "11"]
[EventCountry "CUB"]
[SourceTitle "EXT 2002"]
[Source "ChessBase"]
[SourceDate "2001.11.25"]
[SourceVersion "1"]
[SourceVersionDate "2001.11.25"]
[SourceQuality "1"]

1. e4 c5 2. Nf3 Nc6 3. d4 cxd4 4. Nxd4 Nf6 5. Nc3 e5 6. Ndb5 d6 7. Bg5 a6 8. Na3 b5 9. Bxf6 gxf6 10. Nd5 Bg7 11. Bd3 Ne7 12. Nxe7 Qxe7 13. 0-0 0-0 14. c3 f5 15. Nc2 fxe4 16. Bxe4 Rb8 17. Nb4 Qh4 18. Bc2 Bb7 19. Nd5 f5 20. a4 Kh8 21. Bb3 b4 22. Qe2 bxc3 23. bxc3 e4 24. g3 Qh3 25. Nf4 Qh6 26. Ne6 f4 27. Nxf4 Rxf4 28. gxf4 Qxf4 29. Qe3 Qh4 30. Rad1 Be5 31. h3 Rf8 32. Rd4 Bf4 33. Qe2 Qxh3 34. f3 exf3 35. Rxf4 Qg3+ 0-1

[Event "CUB-ch U18"]
[Site "Matanzas"]
[Date "1998.??.??"]
[Round "8"]
[White "Fernandez Rodriguez, Angel Luis"]
[Black "Gonzalez Vidal, Yuri"]
[Result "0-1"]
[WhiteElo "2140"]
[BlackElo "2350"]
[PlyCount "44"]
[EventDate "1998.??.??"]
[EventType "tourn"]
[EventRounds "11"]
[EventCountry "CUB"]
[SourceTitle "EXT 2002"]
[Source "ChessBase"]
[SourceDate "2001.11.25"]
[SourceVersion "1"]
[SourceVersionDate "2001.11.25"]
[SourceQuality "1"]

1. d4 Nf6 2. c4 g6 3. Nc3 Bg7 4. e4 d6 5. Nge2 0-0 6. Ng3 c5 7. d5 e6 8. Be2 exd5 9. exd5 a6 10. a4 Nbd7 11. 0-0 Re8 12. Be3 Rxe3 13. fxe3 Qe7 14. Qd3 Ne5 15. Qc2 Nfg4 16. Nd1 Qh4 17. h3 Nxe3 18. Nxe3 Qxg3 19. Ra3 Bxh3 20. Bg4 Bxg4 21. Nf5 Bxf5 22. Rxf5 Qh4 0-1

[Event "CUB-ch U18"]
[Site "Matanzas"]
[Date "1998.??.??"]
[Round "5"]
[White "Otero Acosta, Diasmany"]
[Black "Fernandez Rodriguez, Angel Luis"]
[Result "1-0"]
[WhiteElo "2330"]
[BlackElo "2140"]
[PlyCount "61"]
[EventDate "1998.??.??"]
[EventType "tourn"]
[EventRounds "11"]
[EventCountry "CUB"]
[SourceTitle "EXT 2002"]
[Source "ChessBase"]
[SourceDate "2001.11.25"]
[SourceVersion "1"]
[SourceVersionDate "2001.11.25"]
[SourceQuality "1"]

1. e4 e5 2. Nf3 Nc6 3. Bb5 a6 4. Ba4 Nf6 5. 0-0 b5 6. Bb3 Bc5 7. c3 Bb6 8. d4 d6 9. Qd3 0-0 10. Re1 h6 11. Nbd2 Bb7 12. Nf1 Na5 13. Bc2 Nxe4 14. Rxe4 f5 15. Re1 e4 16. Qd1 exf3 17. Ng3 Qd7 18. Qd3 Rae8 19. Bf4 g6 20. Bxh6 Rf7 21. h4 fxg2 22. h5 Rh7 23. Qd2 Rhe7 24. hxg6 Nc4 25. Bb3 f4 26. Nh5 Rf8 27. Qd3 Qg4 28. Rxe7 Qxh5 29. Rg7+ Kh8 30. Rh7+ Kg8 31. Rh8+ 1-0